Oil-Producing States Quiz Stats

 Plays Quiz Updated Mar 3, 2018

Score 0/5 Timer 02:00
3 Plays Today
% Correct
Texas
96.8%
Alaska
68.2%
Oklahoma
58.6%
California
49.8%
North Dakota
37.1%

You're not logged in!

Compare scores with friends on all Sporcle quizzes.
OR
Log In

Sporcle TV

Today on Sporcle TV


Watch our educational content, quiz creation guides, and fun videos on Sporcle TV.

Show Comments

Extras

Top Quizzes Today


Score Distribution

Your Account Isn't Verified!

In order to create a playlist on Sporcle, you need to verify the email address you used during registration. Go to your Sporcle Settings to finish the process.

Report this User

Report this user for behavior that violates our Community Guidelines.

Details: